[Event "NED-ch 1972"]
[Site "Leeuwarden"]
[Date "1972.??.??"]
[Round "1"]
[White "Enklaar, Bert"]
[Black "Langeweg, Kick"]
[Result "1/2-1/2"]
[WhiteElo "2410"]
[BlackElo "2425"]
[PlyCount "99"]
[EventDate "1972.??.??"]
[Source "ChessBase"]
[SourceDate "1999.07.01"]

1. d4 Nf6 2. c4 e6 3. Nf3 b6 4. g3 Bb7 5. Bg2 Be7 6. O-O O-O 7. b3 d6 8. Bb2
Nbd7 9. Nc3 c5 10. d5 exd5 11. cxd5 a6 12. e4 Ne8 13. Ne2 Bf6 14. Bxf6 Nexf6
15. Nh4 g6 16. Qd2 Re8 17. f3 b5 18. Bh3 Ne5 19. Ng2 a5 20. Ne3 a4 21. b4 Nxf3+
22. Rxf3 Nxe4 23. Qd3 c4 24. Qa3 Ng5 25. Bg2 Qb6 26. Kf2 c3 27. Qc1 Ne4+ 28.
Ke1 Nd2 29. Nf1 Nxf3+ 30. Bxf3 Qd4 31. Qf4 Qg7 32. Kf2 Rac8 33. Ne3 c2 34. Rc1
Qb2 35. Qd4 a3 36. Qb6 Rc3 37. Nxc3 Qxc1 38. Ne2 Qd2 39. Nxc2 Bxd5 40. Qxb5 Re5
41. Bxd5 Qxc2 42. Qc4 Qxc4 43. Bxc4 Re4 44. Bb3 Rxb4 45. Nc3 Kg7 46. Ke3 f5 47.
h4 h6 48. Kf3 g5 49. hxg5 hxg5 50. Ke3 1/2-1/2

[Event "NED-ch 1972"]
[Site "Leeuwarden"]
[Date "1972.??.??"]
[Round "1"]
[White "Kuijpers, Frans"]
[Black "Hartoch, Rob"]
[Result "1/2-1/2"]
[WhiteElo "2400"]
[BlackElo "2430"]
[PlyCount "50"]
[EventDate "1972.??.??"]
[Source "ChessBase"]
[SourceDate "1999.07.01"]

1. e4 c5 2. Nf3 e6 3. d4 cxd4 4. Nxd4 Nc6 5. Nb5 d6 6. c4 Nf6 7. N1c3 a6 8. Na3
Be7 9. Be2 O-O 10. O-O b6 11. Be3 Bb7 12. Rc1 Ne5 13. f3 d5 14. cxd5 exd5 15.
Nxd5 Nxd5 16. exd5 Bxd5 17. f4 Bxa3 18. bxa3 Nc6 19. Bf3 Ne7 20. Rf2 Bxf3 21.
Qxf3 Qd6 22. Rd1 Qxa3 23. Bxb6 Qxf3 24. Rxf3 Rfc8 25. Rfd3 h5 1/2-1/2

[Event "NED-ch 1972"]
[Site "Leeuwarden"]
[Date "1972.??.??"]
[Round "1"]
[White "Scholl, Eddie"]
[Black "Bohm, Hans"]
[Result "0-1"]
[WhiteElo "2400"]
[BlackElo "2250"]
[PlyCount "80"]
[EventDate "1972.??.??"]
[Source "ChessBase"]
[SourceDate "1999.07.01"]

1. e4 d6 2. d4 Nf6 3. Nc3 g6 4. g3 Bg7 5. Bg2 c6 6. Nge2 Qc7 7. O-O e5 8. a4
O-O 9. h3 Nbd7 10. b3 a5 11. Ba3 Re8 12. Qd2 exd4 13. Nxd4 Nc5 14. Rfe1 Bd7 15.
Rad1 Rad8 16. f4 Bc8 17. Kh2 h5 18. Bf3 Kh7 19. Qf2 Na6 20. Kg2 Nb4 21. Bc1 Qe7
22. Qe2 Nd7 23. Be3 Nc5 24. Qf2 Ne6 25. h4 Nxd4 26. Bxd4 Bxd4 27. Rxd4 Qf6 28.
e5 Qf5 29. Ne4 dxe5 30. Rxd8 Rxd8 31. fxe5 Kg7 32. Nd6 Qe6 33. Be4 Nd5 34. c4
Ne7 35. Rf1 Rxd6 36. exd6 Qxe4+ 37. Kh2 Nf5 38. Re1 Qd3 39. Re8 Bd7 40. Rd8
Qxd6 0-1

[Event "NED-ch 1972"]
[Site "Leeuwarden"]
[Date "1972.??.??"]
[Round "1"]
[White "Timman, Ton"]
[Black "Van den Berg, Ad"]
[Result "1-0"]
[WhiteElo "2325"]
[BlackElo "2385"]
[PlyCount "149"]
[EventDate "1972.??.??"]
[Source "ChessBase"]
[SourceDate "1999.07.01"]

1. c4 c5 2. Nf3 Nf6 3. Nc3 Nc6 4. d4 cxd4 5. Nxd4 g6 6. e4 Bg7 7. Be3 Ng4 8.
Qxg4 Nxd4 9. Qd1 Ne6 10. Qd2 Qa5 11. Rc1 b6 12. b3 Bb7 13. Nd5 Qxd2+ 14. Kxd2
Rc8 15. g3 Nc5 16. f3 d6 17. Bh3 e6 18. Nc3 Ke7 19. Ke2 Ba6 20. Rhd1 Rcd8 21.
Bg2 Bf6 22. Kf2 g5 23. Bd4 Bxd4+ 24. Rxd4 Bb7 25. Rcd1 Bc6 26. R4d2 a5 27. Rh1
h5 28. h4 g4 29. fxg4 hxg4 30. Ke3 Nd7 31. Ne2 e5 32. Nc3 Nf6 33. Bf1 Nh5 34.
Rg1 Rh6 35. Rf2 Rf6 36. Rxf6 Nxf6 37. Be2 Ra8 38. a3 Bd7 39. Rh1 Be6 40. Nb5
Bd7 41. Nc3 Bc6 42. Rc1 Rc8 43. a4 d5 44. cxd5 Bd7 45. Na2 Rxc1 46. Nxc1 Nh5
47. Nd3 Kd6 48. Nf2 Nxg3 49. Bxg4 Bxg4 50. Nxg4 f5 51. Nf2 Nh5 52. exf5 Kxd5
53. Kf3 Nf6 54. Ng4 e4+ 55. Kf4 Nxg4 56. Kxg4 Kd4 57. f6 e3 58. f7 e2 59. f8=Q
e1=Q 60. Qd6+ Kc3 61. Qg3+ Qxg3+ 62. Kxg3 Kxb3 63. h5 Kxa4 64. h6 b5 65. h7 b4
66. h8=Q b3 67. Qb2 Kb4 68. Qe5 Ka4 69. Qc5 b2 70. Qc2+ Ka3 71. Qb1 Kb3 72. Kf3
a4 73. Ke3 a3 74. Kd3 a2 75. Qc2+ 1-0

[Event "NED-ch 1972"]
[Site "Leeuwarden"]
[Date "1972.??.??"]
[Round "1"]
[White "Van Dop, Arend"]
[Black "Zuidema, Coenraad"]
[Result "0-1"]
[WhiteElo "2290"]
[BlackElo "2430"]
[PlyCount "120"]
[EventDate "1972.??.??"]
[Source "ChessBase"]
[SourceDate "1999.07.01"]

1. e4 e6 2. d4 d5 3. Nc3 Bb4 4. Bd3 dxe4 5. Bxe4 Nf6 6. Bf3 c5 7. Nge2 Nc6 8.
Be3 cxd4 9. Nxd4 Bxc3+ 10. bxc3 Ne5 11. O-O Nxf3+ 12. Nxf3 Qxd1 13. Rfxd1 b6
14. Ne5 Bb7 15. a4 Nd5 16. a5 f6 17. Nc4 Ba6 18. Nd6+ Ke7 19. Nf5+ Kf7 20. c4
Nxe3 21. Nxe3 Ke7 22. axb6 axb6 23. f4 Rhb8 24. Ra3 Bb7 25. Rb3 Be4 26. Rb2 Rd8
27. Rxd8 Rxd8 28. Rxb6 h6 29. h4 Ra8 30. Kh2 Ra3 31. Rb3 Ra5 32. Kg3 g5 33.
fxg5 hxg5 34. hxg5 Rxg5+ 35. Kf2 Rc5 36. g3 Rc8 37. Rb6 f5 38. Ra6 Rh8 39. c5
Rh2+ 40. Kf1 Bxc2 41. Ra7+ Kd8 42. c6 Be4 43. c7+ Kc8 44. Nc4 Bb7 45. Kg1 Rg2+
46. Kf1 Rxg3 47. Kf2 Rb3 48. Ra3 Rxa3 49. Nxa3 Ba6 50. Ke3 Kxc7 51. Nc2 Kd6 52.
Nb4 Bc8 53. Nd3 e5 54. Nf2 Ba6 55. Nh3 Bb7 56. Nf2 f4+ 57. Kd3 Ke6 58. Ng4 Bf3
59. Nh2 Bh5 60. Ke4 Be2 0-1

[Event "NED-ch 1972"]
[Site "Leeuwarden"]
[Date "1972.??.??"]
[Round "2"]
[White "Ree, Hans"]
[Black "Scholl, Eddie"]
[Result "1/2-1/2"]
[WhiteElo "2480"]
[BlackElo "2400"]
[PlyCount "44"]
[EventDate "1972.??.??"]
[Source "ChessBase"]
[SourceDate "1999.07.01"]

1. c4 e5 2. Nc3 Nf6 3. Nf3 Nc6 4. g3 Bb4 5. Bg2 O-O 6. O-O Bxc3 7. dxc3 d6 8.
Nd2 Be6 9. h3 Nd7 10. e4 a5 11. Qe2 Nc5 12. b3 f5 13. exf5 Bxf5 14. Ne4 Nxe4
15. Bxe4 Bxe4 16. Qxe4 Qf6 17. Kg2 Qf5 18. Qxf5 Rxf5 19. Be3 Rf7 20. Rad1 b6
21. Rfe1 h6 22. Re2 Ne7 1/2-1/2

[Event "NED-ch 1972"]
[Site "Leeuwarden"]
[Date "1972.??.??"]
[Round "2"]
[White "Van den Berg, Ad"]
[Black "Van Dop, Arend"]
[Result "1/2-1/2"]
[WhiteElo "2385"]
[BlackElo "2290"]
[PlyCount "88"]
[EventDate "1972.??.??"]
[Source "ChessBase"]
[SourceDate "1999.07.01"]

1. c4 Nf6 2. Nf3 g6 3. Nc3 d5 4. cxd5 Nxd5 5. Qa4+ Bd7 6. Qh4 Nxc3 7. dxc3 Nc6
8. Bf4 Bg7 9. e4 e5 10. Qxd8+ Rxd8 11. Bg5 f6 12. Be3 Be6 13. Bb5 Kf7 14. O-O
Bf8 15. Nd2 a6 16. Be2 Be7 17. b4 Kg7 18. Nb3 Rd7 19. Rfd1 Rhd8 20. Rxd7 Rxd7
21. Kf1 f5 22. exf5 Bxf5 23. Ke1 h5 24. Nc5 Bxc5 25. Bxc5 Nd8 26. Rd1 Rxd1+ 27.
Kxd1 Kf6 28. g3 Bg4 29. f3 Be6 30. a3 Nf7 31. Kc2 g5 32. Be3 Nd6 33. h4 gxh4
34. gxh4 Bc4 35. Bg5+ Kf5 36. Bd1 Bf7 37. Kc1 Bd5 38. Bc2+ Ke6 39. Bd1 Kf5 40.
a4 b5 41. a5 Nf7 42. Be3 Nd6 43. Bc2+ Ke6 44. f4 Nf5 1/2-1/2

[Event "NED-ch 1972"]
[Site "Leeuwarden"]
[Date "1972.??.??"]
[Round "3"]
[White "Kuijpers, Frans"]
[Black "Langeweg, Kick"]
[Result "1/2-1/2"]
[WhiteElo "2400"]
[BlackElo "2425"]
[PlyCount "29"]
[EventDate "1972.??.??"]
[Source "ChessBase"]
[SourceDate "1999.07.01"]

1. e4 c5 2. Nf3 e6 3. d4 cxd4 4. Nxd4 Nc6 5. Nb5 d6 6. c4 Nf6 7. N1c3 a6 8. Na3
Be7 9. Be2 O-O 10. O-O Rb8 11. Be3 Qa5 12. Qe1 Rd8 13. Rd1 Bd7 14. f3 Be8 15.
Qg3 1/2-1/2

[Event "NED-ch 1972"]
[Site "Leeuwarden"]
[Date "1972.??.??"]
[Round "3"]
[White "Van Dop, Arend"]
[Black "Bohm, Hans"]
[Result "1/2-1/2"]
[WhiteElo "2290"]
[BlackElo "2250"]
[PlyCount "141"]
[EventDate "1972.??.??"]
[Source "ChessBase"]
[SourceDate "1999.07.01"]

1. e4 d6 2. d4 Nf6 3. Nc3 g6 4. f4 Bg7 5. Nf3 O-O 6. e5 Nfd7 7. Bc4 Nb6 8. Bb3
Nc6 9. O-O Na5 10. Qe2 Nxb3 11. axb3 Bg4 12. Be3 f6 13. Rad1 Qe8 14. h3 Bxf3
15. Rxf3 fxe5 16. dxe5 dxe5 17. Bxb6 axb6 18. Nd5 Rd8 19. Rfd3 Rc8 20. fxe5 e6
21. Nc3 Qe7 22. Ne4 Bxe5 23. Qg4 Rf4 24. Qg5 Qxg5 25. Nxg5 Bd6 26. Nxe6 Re4 27.
Ng5 Re2 28. Rc3 Rce8 29. Nf3 Bg3 30. b4 b5 31. b3 Kg7 32. Rf1 Rf8 33. Rc5 c6
34. c4 Bd6 35. Rg5 Bf4 36. Rg4 h5 37. Rh4 Be3+ 38. Kh1 Bf2 39. Ng1 Ree8 40. g3
Kh6 41. Rf4 Rxf4 42. gxf4 Bxg1 43. Kxg1 bxc4 44. bxc4 Re4 45. f5 gxf5 46. Rxf5
Rxc4 47. b5 Kg6 48. Re5 h4 49. Kg2 Kf6 50. Rh5 Ke6 51. bxc6 bxc6 52. Kf3 Kd6
53. Ke2 c5 54. Rh6+ Kd5 55. Rh5+ Kc6 56. Kd3 Rd4+ 57. Kc3 Kb5 58. Rh8 Ra4 59.
Rb8+ Kc6 60. Rh8 Rf4 61. Kd3 Rd4+ 62. Kc3 Ra4 63. Kd3 Ra3+ 64. Kc4 Kd6 65. Rh6+
Ke5 66. Rh5+ Kf6 67. Rxc5 Rxh3 68. Kd4 Ra3 69. Ke4 h3 70. Kf4 Kg6 71. Rc6+
1/2-1/2

[Event "NED-ch 1972"]
[Site "Leeuwarden"]
[Date "1972.??.??"]
[Round "3"]
[White "Zuidema, Coenraad"]
[Black "Van den Berg, Ad"]
[Result "1-0"]
[WhiteElo "2430"]
[BlackElo "2385"]
[PlyCount "77"]
[EventDate "1972.??.??"]
[Source "ChessBase"]
[SourceDate "1999.07.01"]

1. e4 c5 2. Nf3 Nc6 3. d4 cxd4 4. Nxd4 Nf6 5. Nc3 e6 6. Ndb5 Bb4 7. a3 Bxc3+ 8.
Nxc3 d5 9. exd5 exd5 10. Bd3 O-O 11. O-O d4 12. Ne2 Ng4 13. b4 a6 14. h3 Nge5
15. Bb2 Bxh3 16. gxh3 Nf3+ 17. Kh1 Qh4 18. Ng1 Nxg1 19. Kxg1 Qxh3 20. Be4 Rad8
21. Qf3 Qh4 22. Qh1 Qg5+ 23. Qg2 Qh4 24. Qh1 Qg5+ 25. Qg2 Qh4 26. Rad1 f5 27.
Bd5+ Kh8 28. Rd3 Rd6 29. Re1 Qd8 30. c4 Rff6 31. Rg3 f4 32. Rg4 Rg6 33. Bf7 f3
34. Rxg6 Rxg6 35. Qxg6 hxg6 36. Re8+ Qxe8 37. Bxe8 Ne5 38. c5 d3 39. Bxe5 1-0

[Event "NED-ch 1972"]
[Site "Leeuwarden"]
[Date "1972.??.??"]
[Round "4"]
[White "Bohm, Hans"]
[Black "Zuidema, Coenraad"]
[Result "0-1"]
[WhiteElo "2250"]
[BlackElo "2430"]
[PlyCount "102"]
[EventDate "1972.??.??"]
[Source "ChessBase"]
[SourceDate "1999.07.01"]

1. e4 e6 2. d4 d5 3. Nc3 Bb4 4. Bd3 dxe4 5. Bxe4 Nf6 6. Bf3 Nc6 7. Nge2 e5 8.
Bxc6+ bxc6 9. O-O O-O 10. Bg5 h6 11. Bh4 exd4 12. Nxd4 Qd6 13. a3 Bxc3 14. bxc3
Nd5 15. Qf3 Qc5 16. Rfe1 Qc4 17. Re5 Bd7 18. Qd3 Qxd3 19. cxd3 f6 20. Ree1 Nxc3
21. Rac1 Rfe8 22. Kf1 c5 23. Nb3 Rxe1+ 24. Kxe1 Re8+ 25. Kd2 Ne2 26. Rxc5 Nf4
27. Bg3 Re2+ 28. Kd1 Ba4 29. Bxf4 Rxf2 30. Bxc7 Bxb3+ 31. Ke1 Rxg2 32. Ra5 g5
33. Rxa7 f5 34. Be5 Bf7 35. a4 f4 36. h4 f3 37. hxg5 Re2+ 38. Kf1 Rxe5 39. gxh6
Bd5 40. a5 Rh5 41. Rd7 Rh1+ 42. Kf2 Rh2+ 43. Kf1 Be6 44. Rg7+ Kh8 45. Rg3 Bd5
46. Rg5 Bb7 47. Rf5 Rxh6 48. Rf7 Bd5 49. Rf5 Bc6 50. Kg1 Kg7 51. a6 Rf6 0-1

[Event "NED-ch 1972"]
[Site "Leeuwarden"]
[Date "1972.??.??"]
[Round "4"]
[White "Enklaar, Bert"]
[Black "Scholl, Eddie"]
[Result "1/2-1/2"]
[WhiteElo "2410"]
[BlackElo "2400"]
[PlyCount "80"]
[EventDate "1972.??.??"]
[Source "ChessBase"]
[SourceDate "1999.07.01"]

1. d4 Nf6 2. c4 g6 3. Nc3 d5 4. Nf3 Bg7 5. Bg5 Ne4 6. Bh4 Nxc3 7. bxc3 c5 8. e3
Nc6 9. cxd5 Qxd5 10. Be2 cxd4 11. exd4 O-O 12. O-O Bf5 13. Re1 Rac8 14. Qb3 e6
15. Nd2 Bh6 16. Nc4 Na5 17. Nxa5 Qxa5 18. Be7 Rfe8 19. Bb4 Qc7 20. c4 Bg7 21.
Bc3 b6 22. Bf1 h5 23. Rad1 Red8 24. a4 Rd7 25. Bb2 Qd8 26. Qc3 Kh7 27. Rd2 Qg5
28. g3 Rcd8 29. Qe3 Qxe3 30. fxe3 Be4 31. Ra1 f5 32. a5 g5 33. axb6 axb6 34.
Ra6 f4 35. exf4 gxf4 36. Rxb6 fxg3 37. hxg3 Bxd4+ 38. Rxd4 Rxd4 39. Rxe6 Rd2
40. Bf6 R8d6 1/2-1/2

[Event "NED-ch 1972"]
[Site "Leeuwarden"]
[Date "1972.??.??"]
[Round "4"]
[White "Langeweg, Kick"]
[Black "Van den Berg, Ad"]
[Result "1-0"]
[WhiteElo "2425"]
[BlackElo "2385"]
[PlyCount "97"]
[EventDate "1972.??.??"]
[Source "ChessBase"]
[SourceDate "1999.07.01"]

1. Nf3 g6 2. e4 c5 3. d4 cxd4 4. Nxd4 Nf6 5. Nc3 d6 6. Be3 Bg7 7. f3 O-O 8. Bc4
Nc6 9. Qe2 a5 10. a4 Nxd4 11. Bxd4 Be6 12. Bb5 Nd7 13. Bxg7 Kxg7 14. O-O Rc8
15. Nd5 Bxd5 16. exd5 Nf6 17. Rad1 Qb6+ 18. Kh1 Rc5 19. c4 Rc7 20. f4 Rg8 21.
Rd3 h5 22. h3 Rh8 23. g3 Qc5 24. Qe1 Qa7 25. Kg2 Kf8 26. Rf2 Rh7 27. Re2 Ng8
28. Rde3 Qa8 29. Re4 b6 30. Qf2 Qa7 31. R4e3 Nh6 32. Bc6 Qa6 33. Rc2 Rc8 34.
Rb3 Rb8 35. Rcc3 Nf5 36. h4 e5 37. fxe5 dxe5 38. Qe1 f6 39. c5 Qa7 40. Qf2 Qc7
41. Rxb6 Rf7 42. d6 Rxb6 43. cxb6 Qxd6 44. Qc5 Kg7 45. Qxd6 Nxd6 46. Bd5 Rf8
47. Rc7+ Kh6 48. b7 Rb8 49. b3 1-0

[Event "NED-ch 1972"]
[Site "Leeuwarden"]
[Date "1972.??.??"]
[Round "4"]
[White "Ree, Hans"]
[Black "Van Dop, Arend"]
[Result "1-0"]
[WhiteElo "2480"]
[BlackElo "2290"]
[PlyCount "117"]
[EventDate "1972.??.??"]
[Source "ChessBase"]
[SourceDate "1999.07.01"]

1. d4 Nf6 2. c4 g6 3. Nc3 d5 4. Qb3 dxc4 5. Qxc4 Bg7 6. e4 O-O 7. Be2 Nc6 8.
Nf3 Bg4 9. d5 Bxf3 10. gxf3 Na5 11. Qd3 c5 12. O-O e5 13. f4 Nd7 14. fxe5 Nxe5
15. Qg3 Rc8 16. Bf4 f6 17. Rad1 a6 18. Bc1 Qd6 19. f4 Nf7 20. Bg4 Rce8 21. Be6
Kh8 22. Rfe1 b5 23. Qh3 Nb7 24. e5 fxe5 25. Ne4 Qc7 26. f5 gxf5 27. Bxf5 Nh6
28. d6 Qf7 29. d7 Nxf5 30. dxe8=Q Qxe8 31. Rf1 Qg6+ 32. Kh1 Qc6 33. Qg2 Nh4 34.
Rxf8+ Bxf8 35. Qg4 Nd6 36. Rxd6 Bxd6 37. Qxh4 Be7 38. Qg4 c4 39. Bd2 b4 40. h4
a5 41. h5 h6 42. Kh2 Bf8 43. Kh3 Qd5 44. Qg6 Qd3+ 45. Kg4 Bg7 46. Kf5 c3 47.
bxc3 Qf1+ 48. Ke6 Qc4+ 49. Kd7 Qd5+ 50. Kc7 Qc4+ 51. Kb6 bxc3 52. Bxc3 Qxa2 53.
Bxa5 Qg8 54. Nd6 Qb8+ 55. Kc5 Qa7+ 56. Bb6 Qa3+ 57. Kc6 Qa4+ 58. Kc7 Qf4 59.
Qf7 1-0

[Event "NED-ch 1972"]
[Site "Leeuwarden"]
[Date "1972.??.??"]
[Round "5"]
[White "Scholl, Eddie"]
[Black "Kuijpers, Frans"]
[Result "1/2-1/2"]
[WhiteElo "2400"]
[BlackElo "2400"]
[PlyCount "98"]
[EventDate "1972.??.??"]
[Source "ChessBase"]
[SourceDate "1999.07.01"]

1. e4 d6 2. f4 Nf6 3. d3 g6 4. Nf3 Bg7 5. g3 O-O 6. Bg2 c5 7. O-O Nc6 8. Nc3
Bd7 9. Nh4 Rb8 10. h3 Ne8 11. f5 e6 12. Be3 Nd4 13. fxe6 fxe6 14. Rxf8+ Bxf8
15. Ne2 Bg7 16. c3 Nxe2+ 17. Qxe2 Bc6 18. Rf1 Qe7 19. Nf3 Nc7 20. Bg5 Qd7 21.
Nh2 Rf8 22. Ng4 Rxf1+ 23. Qxf1 Qf7 24. Nh6+ Bxh6 25. Bxh6 Qxf1+ 26. Kxf1 e5 27.
h4 Bd7 28. Bf3 Ne8 29. Bd1 Be6 30. a3 Kf7 31. Be3 a6 32. b4 cxb4 33. axb4 d5
34. exd5 Bxd5 35. Bc5 Nf6 36. c4 Be6 37. Ke1 e4 38. Be2 exd3 39. Bxd3 Ng4 40.
Bd4 Nh6 41. Kd2 Nf5 42. Be5 Ke7 43. Kc3 Kd7 44. Be4 b6 45. Bb7 a5 46. Ba6 axb4+
47. Kxb4 Nd6 48. Bf4 Kc6 49. Bg5 Bf7 1/2-1/2

[Event "NED-ch 1972"]
[Site "Leeuwarden"]
[Date "1972.??.??"]
[Round "5"]
[White "Timman, Ton"]
[Black "Enklaar, Bert"]
[Result "0-1"]
[WhiteElo "2325"]
[BlackElo "2410"]
[PlyCount "116"]
[EventDate "1972.??.??"]
[Source "ChessBase"]
[SourceDate "1999.07.01"]

1. Nf3 Nf6 2. g3 b5 3. Bg2 Bb7 4. d3 e6 5. e4 d6 6. a4 b4 7. O-O Be7 8. Nbd2
O-O 9. Re1 a5 10. Nc4 Nbd7 11. h4 Nc5 12. Bg5 h6 13. Bf4 Re8 14. Nh2 Bf8 15.
Ng4 e5 16. Bd2 Nxg4 17. Qxg4 Bc8 18. Qe2 Bd7 19. b3 Be6 20. Be3 Nd7 21. Kh2 c6
22. d4 exd4 23. Bxd4 Nf6 24. Ne3 Bc8 25. f3 d5 26. e5 Nh5 27. f4 g6 28. f5 Ng7
29. fxg6 fxg6 30. Ng4 Nh5 31. Qf3 Bf5 32. Nf6+ Nxf6 33. exf6 Qd7 34. g4 Rxe1
35. Rxe1 Bxc2 36. Rc1 Qd6+ 37. Kg1 Be4 38. f7+ Kh7 39. Qf6 Qxf6 40. Bxf6 Bxg2
41. Kxg2 c5 42. Rd1 d4 43. Rf1 Ra7 44. Bd8 Ra6 45. Rf6 Ra8 46. Bc7 Ra7 47. Bb6
Kg7 48. Rxg6+ Kxg6 49. Bxa7 Kxf7 50. Kf3 Ke6 51. Ke2 Kd5 52. Kd3 Kc6 53. Bb8
Bd6 54. Bxd6 Kxd6 55. Ke4 Ke6 56. Kd3 Ke5 57. Kd2 Kf4 58. g5 hxg5 0-1

[Event "NED-ch 1972"]
[Site "Leeuwarden"]
[Date "1972.??.??"]
[Round "5"]
[White "Van Dop, Arend"]
[Black "Hartoch, Rob"]
[Result "1/2-1/2"]
[WhiteElo "2290"]
[BlackElo "2430"]
[PlyCount "81"]
[EventDate "1972.??.??"]
[Source "ChessBase"]
[SourceDate "1999.07.01"]

1. b3 c5 2. Bb2 Nc6 3. e3 Nf6 4. Nf3 e6 5. Bb5 Be7 6. O-O O-O 7. d3 Qc7 8. Nbd2
d6 9. Bxc6 Qxc6 10. Ne1 e5 11. h3 Re8 12. e4 Be6 13. Qe2 Nd7 14. Nc4 Nf8 15.
Kh2 Qd7 16. g4 Bg5 17. Ng2 Ng6 18. Bc1 Bxc1 19. Raxc1 b5 20. Nce3 a5 21. Qf3 a4
22. h4 Ne7 23. Qg3 Nc6 24. f4 exf4 25. Nxf4 axb3 26. axb3 Ra2 27. Rf2 Ne5 28.
Rg1 Rea8 29. g5 Ra1 30. Rfg2 Rxg1 31. Rxg1 Kh8 32. h5 Ra2 33. Rg2 Ra1 34. h6 g6
35. b4 Nc6 36. bxc5 dxc5 37. Qf2 Qd6 38. Rg3 Kg8 39. Nfd5 Qe5 40. Nf6+ Kh8 41.
Kg2 1/2-1/2

[Event "NED-ch 1972"]
[Site "Leeuwarden"]
[Date "1972.??.??"]
[Round "5"]
[White "Van den Berg, Ad"]
[Black "Bohm, Hans"]
[Result "0-1"]
[WhiteElo "2385"]
[BlackElo "2250"]
[PlyCount "60"]
[EventDate "1972.??.??"]
[Source "ChessBase"]
[SourceDate "1999.07.01"]

1. e4 Nf6 2. Nc3 d6 3. d4 g6 4. Be3 Bg7 5. f3 c6 6. Qd2 b5 7. Bd3 e5 8. dxe5
dxe5 9. a4 b4 10. Nd1 a5 11. Ne2 Qe7 12. Nc1 Be6 13. Qf2 Nbd7 14. Nb3 Nh5 15.
Nc5 Nf4 16. Bf1 O-O 17. Nxe6 Nxe6 18. Bc4 f5 19. exf5 gxf5 20. Bg5 Qe8 21. Qh4
Kh8 22. Be7 Nf4 23. Qg5 h6 24. h4 hxg5 25. hxg5+ Nh5 26. g4 fxg4 27. fxg4 Qxe7
28. Rxh5+ Bh6 29. Rxh6+ Kg7 30. Ne3 Qxg5 0-1

[Event "NED-ch 1972"]
[Site "Leeuwarden"]
[Date "1972.??.??"]
[Round "5"]
[White "Zuidema, Coenraad"]
[Black "Ree, Hans"]
[Result "1-0"]
[WhiteElo "2430"]
[BlackElo "2480"]
[PlyCount "95"]
[EventDate "1972.??.??"]
[Source "ChessBase"]
[SourceDate "1999.07.01"]

1. e4 c5 2. Nf3 e6 3. d4 cxd4 4. Nxd4 Nf6 5. Nc3 d6 6. Bd3 Nc6 7. Nb3 a6 8. a4
b6 9. O-O Bb7 10. f4 Be7 11. Qf3 O-O 12. Qh3 Re8 13. Kh1 Bf8 14. Bd2 Nd7 15. e5
g6 16. Ne4 f5 17. exf6 Nxf6 18. Ng5 Qd7 19. Bc3 Nd5 20. Bxg6 Re7 21. Nxh7 Rxh7
22. Bxh7+ Qxh7 23. Qxe6+ Qf7 24. Qg4+ Bg7 25. Bxg7 Qxg7 26. Qe6+ Qf7 27. Qg4+
Qg7 28. Qxg7+ Kxg7 29. Rae1 Rf8 30. f5 Bc8 31. g4 Ne5 32. h3 Rh8 33. Kg2 Nc4
34. Kg3 Nxb2 35. Re4 b5 36. axb5 axb5 37. Nd4 Bd7 38. Ne6+ Kf7 39. Nf4 Nc3 40.
Re3 Nbd1 41. Ree1 Nb2 42. Ng6 Re8 43. Rxe8 Bxe8 44. Re1 Bc6 45. Re7+ Kf6 46.
Rc7 Ne4+ 47. Kf4 Bd5 48. h4 1-0

[Event "NED-ch 1972"]
[Site "Leeuwarden"]
[Date "1972.??.??"]
[Round "6"]
[White "Enklaar, Bert"]
[Black "Van Dop, Arend"]
[Result "1/2-1/2"]
[WhiteElo "2410"]
[BlackElo "2290"]
[PlyCount "210"]
[EventDate "1972.??.??"]
[Source "ChessBase"]
[SourceDate "1999.07.01"]

1. d4 Nf6 2. Nf3 g6 3. Bg5 Bg7 4. c3 Ne4 5. Bf4 c5 6. e3 O-O 7. Bd3 d5 8. O-O
Nc6 9. Nbd2 Nxd2 10. Qxd2 Bg4 11. Be2 cxd4 12. exd4 Rc8 13. Rfe1 Na5 14. b3 a6
15. Bg5 Bf6 16. Bxf6 exf6 17. h3 Be6 18. Nh2 Kg7 19. Ng4 Bxg4 20. Bxg4 Rc6 21.
Re3 Rd6 22. Rae1 Nc6 23. h4 h6 24. Bd1 f5 25. h5 Qg5 26. Qd3 f4 27. Rh3 Rf6 28.
Bc2 Rd8 29. Qf3 Rdd6 30. b4 Rfe6 31. Rf1 Qf6 32. Bb3 Qf5 33. g4 Qe4 34. Kg2 g5
35. Qxe4 Rxe4 36. Kf3 Re8 37. Rhh1 Rc8 38. Rc1 Ne7 39. Rhe1 Kf8 40. Ke2 f5 41.
gxf5 Nxf5 42. Kd3 Ng7 43. Re5 Rcd8 44. Rh1 Ne8 45. Rf5+ Kg8 46. Re1 Nf6 47. Re7
b5 48. Rc7 Nxh5 49. Rff7 Rf6 50. Rfe7 f3 51. Ke3 g4 52. Re5 Nf4 53. Ree7 Ne6
54. Rc6 g3 55. Rexe6 Rxe6+ 56. Rxe6 Kf7 57. Re4 g2 58. Rg4 h5 59. Rg5 h4 60.
Kxf3 h3 61. Rxg2 hxg2 62. Kxg2 Ke6 63. Kf3 Rc8 64. Ke2 Rxc3 65. Kd2 Rc7 66. Ke3
Re7 67. Kd3 Kd6 68. Kd2 Re4 69. Kd3 Kc6 70. Bd1 Rf4 71. Ke3 Rf5 72. Bc2 Rh5 73.
Bd1 Rg5 74. Bb3 Kd6 75. Bd1 Ke6 76. Bb3 Kf6 77. Bd1 Rg7 78. Bb3 Re7+ 79. Kd3
Ke6 80. Kd2 Kf5 81. Kd3 Rd7 82. Ke3 Kg5 83. Kf3 Rf7+ 84. Ke3 Re7+ 85. Kd3 Rd7
86. Ke3 Kg4 87. Bd1+ Kh3 88. Kf4 Kg2 89. f3 Kf2 90. Ke5 Ke3 91. Ke6 Rd8 92. Ke5
Rc8 93. f4 Re8+ 94. Kxd5 Rd8+ 95. Kc5 Rxd4 96. Bb3 Rxf4 97. Kb6 Rxb4 98. Ka5
Rd4 99. Kxa6 b4 100. Kb5 Kd3 101. Ka4 Kc3 102. Kb5 Rh4 103. Ka4 Rh8 104. Kb5
Rb8+ 105. Kc5 Kb2 1/2-1/2

[Event "NED-ch 1972"]
[Site "Leeuwarden"]
[Date "1972.??.??"]
[Round "6"]
[White "Kuijpers, Frans"]
[Black "Timman, Ton"]
[Result "0-1"]
[WhiteElo "2400"]
[BlackElo "2325"]
[PlyCount "95"]
[EventDate "1972.??.??"]
[Source "ChessBase"]
[SourceDate "1999.07.01"]

1. e4 d6 2. d4 Nf6 3. Nc3 g6 4. Nf3 Bg7 5. Be2 O-O 6. O-O Bg4 7. h3 Bxf3 8.
Bxf3 Nc6 9. Be3 e5 10. dxe5 dxe5 11. Nb5 Qe7 12. c3 Rfd8 13. Qc2 a6 14. Na3 Rd7
15. Nc4 Rad8 16. b4 b6 17. Rab1 Qe6 18. Nd2 Ra8 19. Be2 Nd8 20. Bc4 Rxd2 21.
Qb3 Qd6 22. Bxd2 Qxd2 23. Rbd1 Qg5 24. a4 c6 25. b5 cxb5 26. axb5 a5 27. Bd5
Rc8 28. Rd3 Nh5 29. Kh2 Nf4 30. Rg3 Qe7 31. Rd1 Bf8 32. Rf3 Nfe6 33. g3 Nc5 34.
Qa2 Nde6 35. h4 h5 36. Rg1 Bh6 37. Qe2 Kh7 38. Qf1 Rc7 39. g4 Nf4 40. g5 Nxd5
41. exd5 e4 42. Rf6 Bg7 43. Rxb6 Qe5+ 44. Kh1 Qxd5 45. c4 Qd4 46. Rc6 Rxc6 47.
bxc6 Qd6 48. Qd1 0-1

[Event "NED-ch 1972"]
[Site "Leeuwarden"]
[Date "1972.??.??"]
[Round "6"]
[White "Langeweg, Kick"]
[Black "Bohm, Hans"]
[Result "1-0"]
[WhiteElo "2425"]
[BlackElo "2250"]
[PlyCount "57"]
[EventDate "1972.??.??"]
[Source "ChessBase"]
[SourceDate "1999.07.01"]

1. Nf3 g6 2. e4 Bg7 3. d4 Nf6 4. Nc3 d6 5. g3 O-O 6. Bg2 Nc6 7. d5 Nb8 8. O-O
a5 9. a4 Na6 10. h3 Nc5 11. Nd4 e6 12. dxe6 Nxe6 13. Ndb5 Ne8 14. Be3 Bd7 15.
Qd2 Bc6 16. Rad1 Kh8 17. f4 f5 18. Rfe1 Nf6 19. Bf2 Nxe4 20. Nxe4 fxe4 21. Bxe4
Qf6 22. Bxc6 bxc6 23. Rxe6 Qxe6 24. Nxc7 Qxh3 25. Nxa8 Rxa8 26. Qxd6 Bxb2 27.
Rb1 Bc3 28. Rb7 Re8 29. Bd4+ 1-0

[Event "NED-ch 1972"]
[Site "Leeuwarden"]
[Date "1972.??.??"]
[Round "6"]
[White "Ree, Hans"]
[Black "Van den Berg, Ad"]
[Result "1-0"]
[WhiteElo "2480"]
[BlackElo "2385"]
[PlyCount "81"]
[EventDate "1972.??.??"]
[Source "ChessBase"]
[SourceDate "1999.07.01"]

1. d4 Nf6 2. c4 c5 3. d5 e5 4. Nc3 d6 5. e4 Be7 6. Nf3 O-O 7. h3 a6 8. Bd3 Nbd7
9. g4 Ne8 10. Qe2 Nc7 11. Be3 Re8 12. h4 Nf8 13. g5 Bg4 14. O-O-O b5 15. Rdg1
Bh5 16. Rh3 Qd7 17. Qf1 bxc4 18. Bxc4 Reb8 19. a4 Rb4 20. Nd2 Ng6 21. Rh2 Bd8
22. Qd3 Qc8 23. b3 Ra7 24. f3 f6 25. Ne2 Nf8 26. Ng3 Bf7 27. Nf5 Ne8 28. f4 Bg6
29. fxe5 fxe5 30. h5 Bxf5 31. exf5 Kh8 32. Ne4 Qb8 33. Bd2 Rbb7 34. Kc2 Nd7 35.
h6 Nb6 36. hxg7+ Nxg7 37. Qh3 Ne8 38. Qh5 Nf6 39. gxf6 Nxc4 40. Rhg2 Na3+ 41.
Kc1 1-0